[Event "11th LCC FIDE Open 2019"]
[Site "London"]
[Date "2019.12.05"]
[Round "9.33"]
[White "Russell, Christopher"]
[Black "Ifalore, Michael"]
[Result "1-0"]
[WhiteElo "2190"]
[BlackElo "1989"]
[Annotator "NA"]
[PlyCount "61"]
[EventDate "2019.11.29"]
[EventType "swiss"]
[EventCountry "ENG"]
[SourceTitle "playchess.com"]
[Source "ChessBase"]
[SourceQuality "1"]
[TimeControl "40/5400+30:1800+30"]

1. e4 {[%emt 0:00:00]} e5 {[%emt 0:00:00]} 2. Nf3 {[%emt 0:00:00]} Nc6 {[%emt 0:00:00]} 3. Bc4 {[%emt 0:00:00]} Nf6 {[%emt 0:00:00]} 4. d3 {[%emt 0:00:09]} Be7 {[%emt 0:00:00]} 5. O-O {[%emt 0:00:08]} O-O {[%emt 0:00:00]} 6. Re1 {[%emt 0:00:09]} d6 {[%emt 0:00:00]} 7. a4 {[%emt 0:00:16]} Na5 {[%emt 0:00:00]} 8. Ba2 {[%emt 0:00:11]} c5 {[%emt 0:00:00]} 9. c3 {[%emt 0:00:16]} Nc6 {[%emt 0:00:03]} 10. Na3 {[%emt 0:00:16]} Be6 {[%emt 0:00:27]} 11. Bxe6 {[%emt 0:04:49]} fxe6 {[%emt 0:00:05]} 12. Nc4 {[%emt 0:00:07]} b6 {[%emt 0:11:51]} 13. Bd2 {[%emt 0:06:11]} Nd7 {[%emt 0:03:42]} 14. Rc1 {[%emt 0:10:10]} Qe8 {[%emt 0:06:20]} 15. b4 {[%emt 0:06:17]} cxb4 {[%emt 0:02:32]} 16. cxb4 {[%emt 0:00:36]} Nd4 {[%emt 0:00:07]} 17. Nxd4 {[%emt 0:11:18]} exd4 {[%emt 0:00:04]} 18. Qg4 {[%emt 0:00:29]} Qf7 {[%emt 0:00:30]} 19. Rf1 {[%emt 0:01:19]} a6 {[%emt 0:08:14]} 20. f4 {[%emt 0:05:40]} Rad8 {[%emt 0:01:54]} 21. Rf3 {[%emt 0:04:49]} Rc8 {[%emt 0:06:14]} 22. Rcf1 {[%emt 0:06:14]} b5 {[%emt 0:00:14]} 23. axb5 {[%emt 0:00:38]} axb5 {[%emt 0:00:04]} 24. Na3 {[%emt 0:00:48]} Rb8 {[%emt 0:02:05]} 25. Qh3 {[%emt 0:03:07]} Rb7 {[%emt 0:01:52]} 26. Nc2 {[%emt 0:02:13]} e5 {[%emt 0:08:20]} 27. fxe5 {[%emt 0:04:55]} Qa2 {[%emt 0:02:13]} 28. Nxd4 {[%emt 0:02:13]} Qxd2 {[%emt 0:01:41]} 29. Qe6+ {[%emt 0:01:43]} Kh8 {[%emt 0:00:38]} 30. Qxe7 {[%emt 0:00:14]} Rg8 {[%emt 0:01:08]} 31. Qxd6 {[%emt 0:02:32]} 1-0

[Event "11th LCC FIDE Open 2019"]
[Site "London"]
[Date "2019.12.05"]
[Round "9.34"]
[White "Millward, Kevin P"]
[Black "Brozel, Sacha"]
[Result "0-1"]
[WhiteElo "1972"]
[BlackElo "2188"]
[Annotator "TA"]
[PlyCount "56"]
[EventDate "2019.11.29"]
[EventType "swiss"]
[EventCountry "ENG"]
[SourceTitle "playchess.com"]
[Source "ChessBase"]
[SourceQuality "1"]

{[%evp 11,127,8,15,6,14,0,10,0,15,14,32,22,26,23,33,16,19,19,34,8,10,0,0,-12,-4,-11,0,-18,-15,-25,-23,-127,-108,-109,-60,-71,-56,-59,-69,-89,-86,-108,-91,-180,-180,-180,-158,-218,-180,-180,-180,-180,-180,-180,-180,-183,-130,-139,-139,-137,-114,-185,-169,-289,-285,-281,-281,-352,-270,-416,-410,-394,-385,-477,-489,-508,-487,-483,-454,-474,-465,-462,-421,-416,-415,-386,-343,-318,-287,-265,-259,-260,-216,-518,-499,-821,-813,-3064,-1855,-1679,-1633,-1588,-1574,-1450,-1259,-1062,-856,-12834,-12834,-12834,-10218,-12840,-12840,-29986,-29987,-29995,-29996,-29996]} 1. d4 Nf6 2. Nf3 e6 3. Bf4 b6 4. e3 Bb7 5. Bd3 Be7 6. h3 c5 7. O-O {A47: 1 d4 Nf6 2 Nf3 b6: Torre, London and Colle Systems} O-O 8. Nbd2 d6 (8... cxd4 9. exd4 d6 10. a4 a6 11. c4 Nc6 12. Qb3 d5 13. c5 Nd7 14. Rfc1 a5 15. cxb6 Nxb6 {0-1 (36) Naiditsch,A (2705)-Ponomariov,R (2694) Riadh 2017}) 9. Bh2 {The position is equal.} cxd4 10. exd4 Nbd7 11. Re1 Qc7 12. c3 Rfe8 13. Ng5 Bf8 $146 ({Predecessor:} 13... Nf8 14. Nge4 Nd5 15. Nc4 Rad8 16. Ne3 Qc6 17. f3 Ng6 18. a4 Nxe3 19. Rxe3 {0-1 (38) Li,J-Broennimann,M (2208) Bern 2006}) 14. Nge4 Nxe4 15. Bxe4 Nf6 16. Bf3 b5 17. a4 a6 18. Qe2 Qb6 19. axb5 axb5 20. Bxb7 Qxb7 21. c4 (21. Bf4 $11 {keeps the balance.}) 21... bxc4 $17 22. Nxc4 Red8 23. Rxa8 Qxa8 24. Bf4 h6 25. f3 Nd5 26. Bd2 Qa7 27. Bc3 (27. Qd3 $17) 27... Rc8 $19 28. Qd3 Nxc3 {Played: Qa7-a6} 0-1

[Event "11th LCC FIDE Open 2019"]
[Site "London"]
[Date "2019.12.05"]
[Round "9.35"]
[White "Rocco, Federico"]
[Black "Wilks, Simon"]
[Result "0-1"]
[WhiteElo "2207"]
[BlackElo "2071"]
[Annotator "TA"]
[PlyCount "136"]
[EventDate "2019.11.29"]
[EventType "swiss"]
[EventCountry "ENG"]
[SourceTitle "playchess.com"]
[Source "ChessBase"]
[SourceQuality "1"]

{[%evp 21,136,-25,-24,-31,-31,-32,-39,-41,-31,-36,-3,-68,-33,-38,-15,-75,0,0,0,0,0,0,0,0,0,-24,0,0,13,15,89,0,0,0,0,0,0,0,0,0,0,0,39,39,27,35,98,98,98,98,96,96,102,91,86,0,97,99,90,60,60,0,27,34,37,37,36,16,18,0,14,-8,-8,-468,-481,-426,-419,-479,-464,-520,-467,-853,-838,-814,-729,-983,-962,-781,-959,-630,-817,-956,-8,-8,0,-868,-276,-495,-481,-474,-433,-418,-308,-29970,-29975,-29975,-29976,-29975,-29976,-29974,-29971,-29971,-29972,-29966,0,-12850,-6210]} 1. e4 e6 2. d4 d5 3. Nc3 Nf6 4. Bg5 Bb4 5. e5 h6 6. Bd2 Bxc3 7. bxc3 Ne4 8. Qg4 Kf8 9. Bd3 Nxd2 10. Kxd2 c5 11. h4 c4 12. Bf1 {C12: French: Classical System: McCutcheon Variation} (12. Be2 b5 13. Qf4 a5 14. a3 Nc6 15. Nf3 Qe7 16. h5 Rb8 17. g4 Ke8 18. Rhg1 b4 19. axb4 axb4 {½-½ (58) Smeets,J (2669)-Socko,B (2657) Khanty-Mansiysk 2010}) 12... b5 13. Rh3 Nc6 14. Ne2 {Black is slightly better.} Ne7 15. Rf3 Nf5 $146 ({Predecessor:} 15... Bd7 16. Qf4 Be8 17. g3 Nc6 18. Bh3 Ke7 19. Qg4 Rg8 20. Nf4 a5 21. Nxe6 Qb6 22. h5 Bd7 23. Qh4+ Ke8 24. Qf4 Nxe5 25. Nxg7+ {1-0 (25) Arenas Vanegas,D (2406)-Jareno Badenas,A (2029) Sabadell 2012}) 16. Nf4 (16. h5 $11) 16... Rg8 ({But not} 16... Nxh4 $6 17. Qxh4 $1 {[%mdl 512]} (17. Rg3 Nf5 $17) 17... Qxh4 18. Ng6+ Ke8 19. Nxh4 $14) 17. h5 Ke8 18. Nh3 {[#]} (18. Ne2 $11) 18... Qh4 ({Black should play} 18... b4 $1 $17 {[%mdl 512]} 19. Qf4 (19. cxb4 Qb6 $17 {[%mdl 64] Double Attack}) 19... bxc3+ 20. Ke1 Rf8) 19. Qxh4 $11 Nxh4 20. Rf4 Nf5 $1 21. g4 Ne7 22. Be2 Bd7 23. Rg1 a5 24. a3 Rb8 25. g5 Nf5 {[#]} (25... hxg5 $11 26. Nxg5 Nf5) 26. Bg4 (26. Rxf5 $1 $16 {[%mdl 512]} exf5 27. gxh6) 26... hxg5 $1 27. Nxg5 Nh6 28. Rg3 Ke7 29. Bh3 Rh8 30. Nf3 Rhg8 31. Nh4 Rbf8 32. Rg1 Rb8 33. Rf3 Rb6 ({Black should try} 33... b4 $14) 34. Rfg3 $16 Kf8 35. f4 Ra6 36. Rg5 Rb6 37. Rf1 Ke7 38. Rfg1 Kf8 $1 39. Ke3 Ra6 40. f5 (40. Bg2 {with more complications.} Bc6 41. Kd2 a4 42. Bh3 Bd7 43. Rf1) 40... exf5 {aiming for ...f4+!} 41. Nxf5 (41. Kd2 $14) 41... Nxf5+ (41... Rh8 {is interesting.} 42. Rf1 b4 43. Nxh6 gxh6 44. Rg3 Bxh3 45. Rxh3 bxa3 46. Rhf3 Ra7) 42. Bxf5 Bxf5 43. Rxf5 $14 {[%mdl 4096] Endgame Hoping for Rgf1. KRR-KRR} Ke7 44. Rfg5 Rh6 45. R1g4 Ke6 46. Kf4 Rgh8 47. Kg3 $2 {[%mdl 8192]} (47. Rxg7 $11 {and White stays safe.} Rxh5 48. Rg8) 47... Rxh5 $19 48. Rxh5 Rxh5 49. Rxg7 {KR-KR} Rh1 $1 {[%cal Rh1g1]} 50. Kf4 Rh2 $1 51. Rg8 (51. Rg1 $142 Rf2+ 52. Kg5) 51... Rf2+ 52. Ke3 Rxc2 53. Rb8 Rxc3+ 54. Kf4 Rxa3 55. Rb6+ {[#]} Ke7 $1 56. Rxb5 Ke6 $2 (56... a4 $19 57. Rb7+ Ke6 58. Rb6+ Kd7 59. Rd6+ Ke7) 57. Rb6+ $11 Ke7 $2 {[%mdl 8192]} (57... Kd7 $11 58. Rd6+ Ke7 59. Rxd5 Ra1) 58. Rb5 $1 $19 c3 $2 (58... Ra1 {Threatens to win with ...a4.} 59. Ke3 a4) 59. Rxd5 $2 (59. Rb7+ {is the only way for White.} Ke8 60. Ke3) 59... Ra4 60. Rc5 Rxd4+ 61. Ke3 Rh4 {White must now prevent ...a4.} 62. Rxa5 $2 {[#]} (62. Kd3 $19 Rh3+ 63. Kd4) 62... Rc4 $1 63. Ra1 c2 64. Rc1 Ke6 65. Kd3 Rc6 66. Kd4 Rc7 67. Ke4 Rc4+ (67... Rc5 $142 68. Kd4 Rc6 69. Ke4 Rc4+ 70. Kd3 Kd5 71. Kd2 Kxe5 72. Re1+ Kd4 73. Kc1 f5 74. Rf1 Ke4 75. Re1+ Kd3 76. Rh1 f4 77. Rh3+ Ke4 78. Rh4 Ke3 79. Rh1 f3 80. Re1+ Kd3 81. Re7 f2 82. Rd7+ Ke2 83. Re7+ Kf3 84. Rf7+ Rf4 85. Rxf4+ Kxf4 86. Kxc2 f1=Q 87. Kc3 Ke4 88. Kc2 Qc4+ 89. Kb1 Kd3 90. Ka1 Kc3 91. Kb1 Qb3+ 92. Kc1 Qc2#) 68. Kd3 Kd5 {Accuracy: White = 52%, Black = 49%.} 0-1

[Event "11th LCC FIDE Open 2019"]
[Site "London"]
[Date "2019.12.05"]
[Round "9.36"]
[White "Ethelontis, Alexandros N"]
[Black "Eche, Sylvain"]
[Result "1-0"]
[WhiteElo "2139"]
[BlackElo "2054"]
[Annotator "TA"]
[PlyCount "67"]
[EventDate "2019.11.29"]
[EventType "swiss"]
[EventCountry "ENG"]
[SourceTitle "playchess.com"]
[Source "ChessBase"]
[SourceQuality "1"]

{[%evp 11,75,-2,20,22,10,-8,6,-6,50,50,50,54,58,58,64,46,89,85,85,60,118,130,135,106,117,97,110,105,114,111,120,128,120,117,131,86,129,136,315,214,185,183,256,243,5685,345,432,357,839,592,903,896,1666,1659,1665,1663,1574,1562,1584,1539,1494,1490,1420,1312,1020,981]} 1. c4 g6 2. Nc3 Bg7 3. g3 c5 4. Bg2 Nc6 5. a3 e6 6. Rb1 a5 7. Nb5 {A36: Symmetrical English vs ...g6: 4 Bg2 Bg7} (7. e4 Nge7 8. Nge2 O-O 9. O-O d6 10. d3 b6 11. Be3 Bb7 12. d4 a4 13. d5 Ne5 14. dxe6 fxe6 15. Nf4 Bc8 16. Qe2 N7c6 17. Nb5 Qe7 18. Rfd1 {½-½ (44) Ding,L (2781)-Le,Q (2726) Danzhou 2017}) 7... d6 8. e4 $146 ({Predecessor:} 8. Nf3 e5 9. O-O Nge7 10. d3 O-O 11. Bd2 h6 12. Ne1 Be6 13. Nc2 d5 14. cxd5 Bxd5 15. Bxd5 Nxd5 {0-1 (40) Jumanov,E (2283)-Abdisalimov,A (2317) Tashkent 2018}) 8... Nge7 9. Ne2 {The position is equal.} Nd4 (9... O-O $11) 10. Nexd4 $14 cxd4 11. d3 Nc6 12. O-O O-O 13. f4 Qe7 14. b3 Bd7 15. Bb2 f5 ({Black should try} 15... e5 $14) 16. exf5 $16 Rxf5 17. Qe2 e5 18. Rbe1 Re8 19. Qf3 Be6 20. Bh3 Rf6 21. Bxe6+ Rxe6 22. Qd5 Kh8 23. f5 gxf5 24. Rxf5 e4 $2 (24... Qd7 $16) 25. Nxd4 ({Don't take} 25. Bxd4 $6 Bxd4+ 26. Nxd4 Nxd4 $18) 25... Nxd4 26. Bxd4 e3 (26... Bxd4+ $142 27. Qxd4+ Qg7 28. Qxg7+ (28. Rxe4 Rxe4 29. Qxg7+ Kxg7 $16) 28... Kxg7 29. Rg5+ (29. Rxa5 exd3 30. Rxe6 Rxe6 $18) 29... Kf6 30. Rxa5 e3) 27. Re2 $18 Qc7 $2 {[#]} (27... a4 28. bxa4 Bxd4) 28. Rg5 $2 (28. Qxe6 $1 {[%cal Re6e8][%mdl 512]} Rb8 (28... Rxe6 29. Rf8#) 29. Qxe3 Bxd4 30. Qxd4+ Qg7 31. Qxd6 Ra8 32. Re7 Qa1+ 33. Rf1) 28... Bf6 {[#]} 29. Rxe3 $1 {[%mdl 512]} Qf7 $2 (29... Be5 30. Re4 Qe7) (29... Rxe3 30. Bxf6+) 30. Rxe6 {White is clearly winning.} Rxe6 31. Rf5 Qe7 32. Rxf6 Rxf6 {[%mdl 4096] Endgame KQR-KQB} 33. Qe4 Qf7 34. Qf4 {Played: Qe4-f5} 1-0

[Event "11th LCC FIDE Open 2019"]
[Site "London"]
[Date "2019.12.05"]
[Round "9.37"]
[White "Stanisz, Patryk"]
[Black "Pellicoro, Nathalie"]
[Result "1-0"]
[WhiteElo "2139"]
[BlackElo "1967"]
[Annotator "NA"]
[PlyCount "51"]
[EventDate "2019.11.29"]
[EventType "swiss"]
[EventCountry "ENG"]
[SourceTitle "playchess.com"]
[Source "ChessBase"]
[SourceQuality "1"]
[TimeControl "40/5400+30:1800+30"]

1. d4 {[%emt 0:00:00]} Nf6 {[%emt 0:00:00]} 2. Nc3 {[%emt 0:00:00]} c5 {[%emt 0:01:39]} 3. d5 {[%emt 0:00:28]} e5 {[%emt 0:10:10]} 4. e4 {[%emt 0:02:39]} d6 {[%emt 0:02:35]} 5. Be2 {[%emt 0:02:06]} g6 {[%emt 0:03:06]} 6. g4 {[%emt 0:00:25]} h5 {[%emt 0:07:43]} 7. g5 {[%emt 0:05:32]} Nfd7 {[%emt 0:04:32]} 8. a4 {[%emt 0:03:31]} Na6 {[%emt 0:12:39]} 9. Nb5 {[%emt 0:05:11]} Nc7 {[%emt 0:01:11]} 10. Nf3 {[%emt 0:08:48]} Nxb5 {[%emt 0:03:23]} 11. axb5 {[%emt 0:00:27]} Nb6 {[%emt 0:08:29]} 12. Be3 {[%emt 0:04:40]} h4 {[%emt 0:01:15]} 13. Nd2 {[%emt 0:00:34]} Be7 {[%emt 0:00:38]} 14. Rg1 {[%emt 0:00:11]} Bd7 {[%emt 0:03:10]} 15. f4 {[%emt 0:04:59]} Qc7 {[%emt 0:04:17]} 16. Rf1 {[%emt 0:08:40]} f6 {[%emt 0:02:05]} 17. fxe5 {[%emt 0:06:10]} fxe5 {[%emt 0:00:41]} 18. Ra3 {[%emt 0:00:06]} Qd8 {[%emt 0:04:15]} 19. Rg1 {[%emt 0:00:17]} Qc7 {[%emt 0:00:03]} 20. Qa1 {[%emt 0:06:10]} Qb8 {[%emt 0:02:49]} 21. Bf2 {[%emt 0:00:43]} Kd8 {[%emt 0:01:49]} 22. Nf3 {[%emt 0:03:08]} h3 {[%emt 0:00:12]} 23. b4 {[%emt 0:00:35]} Kc7 {[%emt 0:00:56]} 24. bxc5 {[%emt 0:01:10]} dxc5 {[%emt 0:00:46]} 25. Nxe5 {[%emt 0:01:48]} Be8 {[%emt 0:00:21]} 26. Nd3 {[%emt 0:03:58]} 1-0

[Event "11th LCC FIDE Open 2019"]
[Site "London"]
[Date "2019.12.05"]
[Round "9.38"]
[White "Varsha Ramesh"]
[Black "Goh, Zi Han"]
[Result "1/2-1/2"]
[WhiteElo "1669"]
[BlackElo "2134"]
[Annotator "NA"]
[PlyCount "40"]
[EventDate "2019.11.29"]
[EventType "swiss"]
[EventCountry "ENG"]
[SourceTitle "playchess.com"]
[Source "ChessBase"]
[SourceQuality "1"]
[TimeControl "40/5400+30:1800+30"]

1. e4 {[%emt 0:01:14]} c5 {[%emt 0:00:00]} 2. Nf3 {[%emt 0:00:06]} d6 {[%emt 0:00:00]} 3. d4 {[%emt 0:00:06]} cxd4 {[%emt 0:00:00]} 4. Nxd4 {[%emt 0:00:05]} Nf6 {[%emt 0:00:04]} 5. Nc3 {[%emt 0:00:05]} a6 {[%emt 0:00:08]} 6. Bg5 {[%emt 0:00:10]} e6 {[%emt 0:00:13]} 7. f4 {[%emt 0:00:05]} Qc7 {[%emt 0:00:06]} 8. Qf3 {[%emt 0:01:21]} b5 {[%emt 0:00:13]} 9. a3 {[%emt 0:01:09]} Nbd7 {[%emt 0:02:42]} 10. O-O-O {[%emt 0:01:05]} Be7 {[%emt 0:00:11]} 11. g4 {[%emt 0:01:19]} Rb8 {[%emt 0:03:13]} 12. Bxf6 {[%emt 0:02:55]} Nxf6 {[%emt 0:00:19]} 13. g5 {[%emt 0:00:30]} Nd7 {[%emt 0:00:07]} 14. Rg1 {[%emt 0:00:48]} b4 {[%emt 0:05:30]} 15. axb4 {[%emt 0:01:02]} Rxb4 {[%emt 0:00:20]} 16. Be2 {[%emt 0:04:28]} Qb6 {[%emt 0:04:00]} 17. Nb3 {[%emt 0:05:29]} a5 {[%emt 0:06:21]} 18. Na2 {[%emt 0:05:49]} Ra4 {[%emt 0:04:47]} 19. Nc3 {[%emt 0:00:07]} Rb4 {[%emt 0:00:37]} 20. Na2 {[%emt 0:00:06]} Ra4 {[%emt 0:15:49]} 1/2-1/2

[Event "11th LCC FIDE Open 2019"]
[Site "London"]
[Date "2019.12.05"]
[Round "9.39"]
[White "Sedykh, Mikhail"]
[Black "Deaconu, Mihai-Ionut"]
[Result "0-1"]
[WhiteElo "2134"]
[BlackElo "1957"]
[Annotator "TA"]
[PlyCount "82"]
[EventDate "2019.11.29"]
[EventType "swiss"]
[EventCountry "ENG"]
[SourceTitle "playchess.com"]
[Source "ChessBase"]
[SourceQuality "1"]

{[%evp 23,82,39,42,34,95,0,0,-25,0,-25,23,29,102,57,68,71,108,108,160,154,163,157,135,79,79,57,53,47,59,34,33,0,0,0,0,0,55,14,21,-75,-68,-202,-200,-628,-531,-982,-917,-29991,-29990,-29992,-29987,-29990,-29991,-29990,-29991,-29992,-29993,-29993,-29994,-29997,-29998]} 1. d4 Nf6 2. c4 g6 3. Nc3 Bg7 4. e4 d6 5. Nf3 O-O 6. Be2 e5 7. O-O Nc6 8. d5 Ne7 9. b4 Nh5 10. Re1 f5 11. Ng5 Nf6 12. f3 c6 13. Be3 {E97: King's Indian: Classical Main Line (6...e5 7 0-0 Nc6): 8 Be3 and 8 d5 Ne7, not 9 Ne1} a5 (13... Bh6 $14) (13... h6 14. Ne6 Bxe6 15. dxe6 Qc7 16. b5 Rfd8 17. bxc6 bxc6 18. Qa4 Qc8 19. Rab1 Kh8 20. Red1 g5 {1-0 (54) Gelfand,B (2755)-Inarkiev,E (2675) Jermuk 2009}) 14. Na4 $146 (14. Rb1 $16) ({Predecessor:} 14. b5 cxd5 15. exd5 f4 16. Bf2 Nf5 17. c5 Ne3 18. Bxe3 fxe3 19. c6 Qe7 20. b6 Bf5 {1-0 (32) Salzmann,S (2156)-Sanner,Z (2187) LSS email 2010}) 14... axb4 $11 {White must now prevent ...fxe4.} 15. c5 {The position is equal.} cxd5 {aiming for ...h6.} 16. cxd6 Nc6 17. Nb6 {[%mdl 64] Double Attack} Ra5 (17... Ra3 $11 18. Nxd5 Kh8) 18. Nxd5 {Hoping for Bc4.} Nxd5 19. Bc4 {[%mdl 64] Pin} f4 20. exd5 Nd4 {[#]} (20... Na7 $142) 21. Ne6 $1 $16 {[%cal Re6d8][%mdl 64] Double Attack} Qxd6 22. Bxd4 ({Don't take} 22. Nxf8 $6 b5 $14) 22... exd4 ({Don't go for} 22... Bxe6 $2 23. dxe6 Kh8 24. Bf2 $18) 23. Nxf8 ({Better is} 23. Nxg7 d3 24. Qxd3 (24. Ne6 Bxe6 25. Qxd3 Bxd5 $11) 24... Kxg7 25. Bb3) 23... Kxf8 24. Qe2 {[%csl Ge1][%cal Re2e8]} Bd7 25. Rab1 Ra3 26. Bb3 Ra8 $1 {[%cal Ba3a8,Ba8e8,Be8e3][%mdl 32]} 27. Rbc1 Re8 28. Qd2 Re3 29. Rc4 Qe7 (29... Be5 $11) 30. Rd1 b5 31. Rc7 {[#]} (31. d6 $11 {keeps the balance.} Qxd6 32. Qxb4) 31... Be5 $1 $17 {[%cal Re5c7][%mdl 1024] Black has strong compensation.} 32. Ra7 (32. d6 $15 Qxd6 33. Rb7) 32... d3 $19 33. Ra8+ $2 (33. Qf2 Re2 34. d6) 33... Kg7 34. Rg8+ Kh6 35. g3 Bh3 {Black mates.} 36. Kh1 Bc3 37. Qf2 d2 38. Rg1 {[#]} Re1 $1 {[%mdl 512]} 39. gxf4 Rxg1+ 40. Qxg1 {[#]} Qe1 $1 {[%mdl 512]} 41. d6 Bd4 {[%mdl 64] Pin. Accuracy: White = 31%, Black = 62%.} 0-1

[Event "11th LCC FIDE Open 2019"]
[Site "London"]
[Date "2019.12.05"]
[Round "9.40"]
[White "Flear, Christine"]
[Black "Willmoth, Robert F"]
[Result "1-0"]
[WhiteElo "2035"]
[BlackElo "2108"]
[Annotator "TA"]
[PlyCount "145"]
[EventDate "2019.11.29"]
[EventType "swiss"]
[EventCountry "ENG"]
[SourceTitle "playchess.com"]
[Source "ChessBase"]
[SourceQuality "1"]

{[%evp 19,145,42,39,0,0,0,0,0,28,28,39,37,39,39,35,25,41,33,43,31,37,34,42,30,58,54,61,60,60,60,62,55,62,50,62,21,126,126,126,125,125,125,125,126,124,121,109,119,129,118,147,131,353,273,246,237,237,241,264,264,246,195,195,195,195,193,193,193,249,252,257,131,119,129,185,185,172,188,250,255,239,241,249,173,434,425,434,433,446,443,431,455,452,408,439,431,546,515,710,657,712,710,693,687,628,677,672,667,583,281,281,252,236,150,156,156,385,369,330,326,334,325,5050,5189,29970,29970,29986,29987]} 1. d4 Nf6 2. c4 d6 3. Nc3 Nbd7 4. Nf3 e5 5. g3 Be7 6. Bg2 O-O 7. O-O c6 8. e4 a6 9. a4 a5 10. h3 Re8 11. d5 {A55: Old Indian Defence with Nf3 and e4} (11. Be3 exd4 12. Nxd4 Nc5 13. Qc2 Bf8 14. Rad1 Qb6 15. g4 g6 16. g5 Nh5 17. f4 Be6 18. Nxe6 Rxe6 19. Qf2 f5 20. gxf6 Rxf6 21. f5 {½-½ (29) Sorokin,A (2522)-Khismatullin,D (2617) St Petersburg 2018}) 11... Nc5 12. Re1 $146 ({Predecessor:} 12. Nd2 Nfd7 13. Nb3 Qb6 14. Ra3 Nxb3 15. Qxb3 Qxb3 16. Rxb3 Nc5 17. Ra3 Nd3 18. Rb3 Nxc1 19. Rxc1 {0-1 (43) Pospisil,M (2084)-Plat,V (2480) Prague 2012}) 12... Qb6 13. Ra3 {The position is equal.} Bd7 14. Be3 h6 (14... Qxb2 $2 15. Bxc5 b6 16. Bxd6 $1 $18 {[%mdl 512]}) 15. Nd2 Qc7 ({Don't blunder} 15... Qxb2 $2 16. Bxc5 b6 17. Bxd6 $1 $18 {[%mdl 512]}) 16. Bxc5 dxc5 17. Nf1 Bd6 18. Ne3 g6 19. Ra2 Rad8 20. b3 Bc8 21. Rd2 Nh7 22. Kh2 Rf8 23. Qe2 Be7 24. h4 h5 25. Red1 Bf6 26. Nc2 Bg7 27. Qe3 b6 (27... Qb6 $1 $11 {keeps the balance.}) 28. dxc6 $16 {aiming for Nd5.} Nf6 29. f3 Rxd2 30. Qxd2 {Black must now prevent Nd5.} ({Much less strong is} 30. Rxd2 Qxc6 31. Rd3 Ne8 $14) 30... Qxc6 31. Qd6 $36 {[%mdl 2048] White is really pushing.} Qb7 32. Ne3 Ne8 33. Qd5 Qb8 34. Qc6 Nc7 35. Ned5 Na8 $2 (35... Nxd5 $16 36. Nxd5 Be6) 36. Ne7+ Kh7 37. Nxc8 Rxc8 {[#]} 38. Qd7 $1 Rc7 39. Qd8 Rc8 40. Qe7 Rc7 41. Rd8 {Strongly threatening Qe8.} Rxe7 42. Rxb8 Nc7 43. Bh3 Ne6 (43... Re8 {was worth a try.} 44. Rxb6 Bf8) 44. Nd5 $18 ({Don't play} 44. Rxb6 $6 Nd4 $16) 44... Ra7 {If Black can now play ...Nd4 this consolidates a bit.} 45. Rxb6 (45. Bxe6 $1 $18 fxe6 46. Nxb6) 45... Nd4 $16 46. Kg2 f5 (46... Bf8 $16 47. Nf6+ Kg7) 47. exf5 $18 gxf5 48. Kf2 e4 (48... Kg8 {was called for.} 49. Bf1 Ra8) 49. fxe4 fxe4 50. Ke3 Rf7 51. Nf4 Bh6 $2 (51... Re7) 52. Kxe4 Bxf4 53. gxf4 {[%mdl 4096] Endgame KRB-KRN} Re7+ 54. Kd5 Re3 55. Bd7 Nxb3 56. Bf5+ Kg7 57. Bg6 Nd4 58. Bxh5 Rh3 59. Kxc5 Nb3+ 60. Kd5 Rd3+ 61. Ke5 Re3+ 62. Kf5 Nd4+ 63. Kg4 Re1 64. Kg3 (64. Bg6 $142) 64... Nf5+ 65. Kf2 Re4 66. Bg6 Rxf4+ 67. Ke2 {And now h5 would win.} Nxh4 $2 (67... Ne7 $16) 68. Bd3 Kf7 69. Ra6 Ng2 70. Rxa5 Rf6 $2 (70... Rh4 71. Kf2 Nf4) 71. Rf5 Rxf5 72. Bxf5 Nh4 73. Be4 {Accuracy: White = 69%, Black = 44%.} 1-0